000 01563nam a2200409 i 4500
001 196665
003 ES-MaACL
005 20250722063202.0
008 241017s2022 sp | |||| 001 0 spa
015 _aMON22
017 _aM 25698-2022
_bOficina Depósito Legal Madrid
020 _a9788413525648
035 _a(SpMaBN)a7200415
040 _aSpMaBN
_bspa
_cSpMaBN
_erda
080 _a329.055.2(460)(091)
080 _a329(460)(091)
080 _a32(460)"18/20"
100 1 _aRivera Blanco, Antonio,
_d1960-
_9239200
_eaut
245 1 0 _aHistoria de las derechas en España :
_b(1789-2022) /
_cAntonio Rivera Blanco.
264 1 _aMadrid :
_bLos Libros de la Catarata,
_c[2022].
264 4 _c©2022
300 _a555 páginas ;
_c24 cm
336 _aTexto
_2rdacontent
337 _asin mediación
_2rdamedia
338 _avolumen
_2rdacarrier
490 1 _aMayor ;
_v911
504 _aBibliografía: páginas 521-523. Índice
650 0 _aDerecha (Política)-
_zEspaña-
_vHistoria
_9239201
650 7 _aPartidos políticos-
_zEspaña-
_vHistoria
_9156829
651 0 _aEspaña-
_xPolítica y gobierno-
_vHistoria
_9239202
852 _aES-MaACL
_cDEPOJ
_jN-10157
_gDedicatoria autógrafa de autor
_hDonación: Antonio Rivera Blanco
_xEncuadernación rústica
_9206284
903 _9239200
_aRivera Blanco, Antonio,
_d1960-
_ednr
942 _cMONOGRAFIA
_n0
999 _c196665
_d196665